000
00236nam a2200109Ia 4500
008
220204s9999 xx 000 0 und d
082
_a
82-3
_b
KAF
100
_a
Kafka, Franz
245
0
_a
America
260
_a
England
_c
1978
942
_c
BK
999
_c
33021
_d
33021